| 000 | 00489nam a2200193Ia 4500 | ||
|---|---|---|---|
| 008 | 101110s9999 xx 000 0 und d | ||
| 041 | _aMARATHI | ||
| 082 | _bJR1669 | ||
| 100 | _aAbhyankar, Phadake, Tekade | ||
| 245 | _aChitanisachi Karyapadhati Std.XI | ||
| 365 | _b12.25 | ||
| 520 | _aCommerce | ||
| 546 | _aMARATHI | ||
| 630 | _aChitanisachi Karyapadhati Std.XI | ||
| 650 | _aCommerce | ||
| 655 | _aCommerce | ||
| 730 | _aChitanisachi Karyapadhati Std.XI | ||
| 942 | _cBOOK | ||
| 999 |
_c793880 _d793877 |
||